| 000 | 00528nam a2200121Ia 4500 | ||
|---|---|---|---|
| 008 | 220620s9999||||xx |||||||||||||| ||und|| | ||
| 245 | 0 | _aSustainable Rice Straw Management | |
| 546 | _aEnglish[eng] | ||
| 650 | _aEnvironment||Sustainable development||Environmental management||Climate change||Agriculture||Environmental engineering||Biotechnology | ||
| 700 | _aGummert, Martin||Hung, Nguyen Van||Chivenge, Pauline||Douthwaite, Boru | ||
| 856 | _uhttps://library.oapen.org/bitstream/20.500.12657/22844/1/1007317.pdf | ||
| 942 | _cEB | ||
| 999 |
_c29279 _d29279 |
||